Préfectures de France : Chaumont - Statistiques

Statistiques générales
  • Ce quiz a été pris 6 fois
  • Le résultat moyen est 8 sur 22
Statistiques - réponses
Question Réponse % Correct
Quel numéro porte celui-ci ? 52
100%
Comment se nomment ses habitants ? Chaumontais
100%
A quelle région administrative appartient la ville depuis 2015 ? Grand Est
100%
De quel département est-ce la préfecture ? Haute-Marne
100%
La ville appartient à l'académie de/d' Reims
100%
Le prochain Grand Pardon de Chaumont se déroulera en 2029
67%
Les deux rivières qui traversent la ville sont la {Marne}
67%
Quelles sont les sous-préfectures qui en dépendent ? Saint-Dizier
67%
La couleur la plus présente sur le blason est le/l' bleu | azur
33%
La ville appartient au diocèse de/d' Langres
33%
Quelles sont les sous-préfectures qui en dépendent ? Langres
33%
La collégiale inscrite au patrimoine mondial de l'UNESCO est dédiée à Notre-Dame | Notre-Dame-en-Vaux
33%
Le nom médiéval de la ville est Chalmunt
0%
Les communes limitrophes dont le nom commence par un C sont Chamarandes-Choignes
0%
Les communes limitrophes dont le nom commence par un C sont Condes
0%
Jusqu'au milieu du XXe siècle on produisait à Chaumont cet accessoire vestimentaire Gants
0%
Les deux rivières qui traversent la ville sont la {Suize}
0%
Le journal local se nomme Le Journal de la Haute-Marne
0%
Le peuple gaulois qui occupait la région est celui des Lingons
0%
Cette judokate, championne olympique est née dans la ville en 1981 Lucie Décosse
0%
En 1944, Chaumont est libéré par les troupes de cet autre général américain Patton
0%
En 1917, le quartier général de ce général américain est installé dans la ville Pershing
0%
Aucun quiz correspondant
Distribution des résultats
% des personnes avec chaque résultat
Percentile par nombre de réponses
Votre historique - résultats
Vous n’avez pas pris ce quiz